Statistics for NBA Top 30 Shooting Guards of All Time

Click here to take the quiz!

General Stats

  • This quiz has been taken 53 times
  • The average score is 15 of 30

Answer Stats

HintAnswer% Correct
2Kobe Bryant
98%
1Micheal Jordan
96%
3Dwyane Wade
85%
7James Harden
80%
6Jerry West
80%
4
Allen Iverson
78%
8Ray Allen
72%
9Clyde Drexler
70%
11Klay Thompson
67%
21David Thompson
65%
16Reggie Miller
63%
23Joe Johnson
61%
13Vince Carter
57%
5George Gervin
52%
12Tracy Mcgrady
52%
15Joe Dumars
50%
24Manu Ginobili
48%
14Sam Jones
46%
17Earl Monroe
39%
26Mitch Richmond
39%
10Pete Maravich
39%
19Hal Greer
33%
29Sidney Moncrief
33%
22Walter Davis
33%
25Lou Houston
24%
20Gail Goodrich
22%
27Andrew Toney
13%
30Latrell Sprewell
13%
18Bill Sharman
9%
28Carl Braun
0%

Score Distribution

Percentile by Number Answered

Percent of People with Each Score

Your Score History

You have not taken this quiz